000 00493nam a22001817a 4500
003 OSt
005 20140310182313.0
008 130312t xxu||||| |||| 00| 0 eng d
020 _a0070471045
050 _aQL 706.4
_b.Am535am 1998
082 _aGS 372.3'57
_bA535 1998
110 _aNational Wildlife Federation
_91352
245 _aAmazing mammals /
260 _aNew York
_bLearning Triangle Press
_c1998
300 _a94 p. :
_c28 cm.
_bcol. ill. ;
942 _2lcc
_cBK-GS
999 _c11712
_d11712